Library Banner

Applied physiology of the eye (Record no. 21667)

MARC details
000 -LEADER
fixed length control field 00450nam a2200169Ia 4500
001 - CONTROL NUMBER
control field 21354
008 - FIXED-LENGTH DATA ELEMENTS--GENERAL INFORMATION
fixed length control field 140408s9999 xx 000 0 und d
040 ## - CATALOGING SOURCE
Transcribing agency PK-LaUMT
082 ## - DEWEY DECIMAL CLASSIFICATION NUMBER
Classification number 612.847
Item number LYL-A
100 ## - MAIN ENTRY--PERSONAL NAME
Personal name H. Willioughby Lyle
245 ## - TITLE STATEMENT
Title Applied physiology of the eye
Statement of responsibility, etc H. Willioughby Lyle
260 ## - PUBLICATION, DISTRIBUTION, ETC. (IMPRINT)
Place of publication, distribution, etc London,UK:
Name of publisher, distributor, etc Bailliere, Tindall and Cox,
Date of publication, distribution, etc 1958
300 ## - PHYSICAL DESCRIPTION
Extent 341 p.
546 ## - LANGUAGE NOTE
Language note EN
650 ## - SUBJECT ADDED ENTRY--TOPICAL TERM
Topical term or geographic name as entry element Eyelids-Human physiology
942 ## - ADDED ENTRY ELEMENTS (KOHA)
Koha item type Books
Holdings
Withdrawn status Lost status Source of classification or shelving scheme Damaged status Not for loan Home library Current library Date acquired Total Checkouts Full call number Barcode Date last seen Price effective from Koha item type
    Dewey Decimal Classification     UMT Health Sciences Campus UMT Health Sciences Campus 2014-04-08   612.847 LYL-A 24170 2014-04-23 2014-04-23 Books